| LEADER | 00610nam a2200205Ia 4500 | ||
|---|---|---|---|
| 001 | CTU_30122 | ||
| 008 | 210402s9999 xx 000 0 und d | ||
| 082 | |a 630.7152 | ||
| 082 | |b I. 61 | ||
| 110 | |a International rice research institute | ||
| 245 | 0 | |a Program report for 1989 : | |
| 245 | 0 | |b international rice research institute | |
| 245 | 0 | |c International rice research institute | |
| 260 | |a Manila | ||
| 260 | |b International rice research institute | ||
| 260 | |c 1990 | ||
| 650 | |a Rice | ||
| 650 | |x research | ||
| 904 | |i Liên, 990304 | ||
| 980 | |a Trung tâm Học liệu Trường Đại học Cần Thơ | ||